书目信息 |
| 题名: |
知识视野中的中国大学专业设置研究
|
|
| 作者: | 樊平军 著 | |
| 分册: | ||
| 出版信息: | 北京 北京师范大学出版社 2011 |
|
| 页数: | 11, 255页 | |
| 开本: | 23cm | |
| 丛书名: | 京师高等教育管理论丛 | |
| 单 册: | ||
| 中图分类: | G649.28 | |
| 科图分类: | ||
| 主题词: | 高等学校--Gao deng xue xiao--专业设置--研究--中国 | |
| 电子资源: | ||
| ISBN: | 978-7-303-11385-9 | |
| 000 | 01099nam 2200277 450 | |
| 001 | 012001003872 | |
| 005 | 20131027111646.0 | |
| 010 | @a978-7-303-11385-9@dCNY29.00 | |
| 099 | @aCAL 012011306688 | |
| 100 | @a20110906d2011 ekmy0chiy50 ea | |
| 101 | 0 | @achi |
| 102 | @aCN@b110000 | |
| 105 | @ak a 000yy | |
| 106 | @ar | |
| 200 | 1 | @a知识视野中的中国大学专业设置研究@Azhi shi shi ye zhong de zhong guo da xue zhuan ye she zhi yan jiu@f樊平军著 |
| 210 | @a北京@c北京师范大学出版社@d2011 | |
| 215 | @a11, 255页@d23cm | |
| 225 | 2 | @a京师高等教育管理论丛@AJing shi gao deng jiao yu guan li lun cong |
| 320 | @a有书目 (第239-253页) | |
| 330 | @a本书是一部研究中国大学专业设置的书籍,内容包括:问题的提出、专业设置的研究现状述评、知识视野中的高等教育专业设置、本书结构安排、近代中国高等教育的知识状况、新中国成立后我国高等学校的专业设置等。 | |
| 410 | 0 | @12001@a京师高等教育管理论丛 |
| 606 | 0 | @a高等学校@AGao deng xue xiao@x专业设置@x研究@y中国 |
| 690 | @aG649.28@v4 | |
| 701 | 0 | @a樊平军@Afan ping jun@4著 |
| 801 | 2 | @aCN@b江苏凤凰@c20191020 |
| 905 | @b1227793-6@dG649.28@e1363@f4 | |
| 知识视野中的中国大学专业设置研究/樊平军著.-北京:北京师范大学出版社,2011 |
| 11, 255页;23cm.-(京师高等教育管理论丛) |
| ISBN 978-7-303-11385-9:CNY29.00 |
| 本书是一部研究中国大学专业设置的书籍,内容包括:问题的提出、专业设置的研究现状述评、知识视野中的高等教育专业设置、本书结构安排、近代中国高等教育的知识状况、新中国成立后我国高等学校的专业设置等。 |
| ● |
| 相关链接 |
|
|
|
|
正题名:知识视野中的中国大学专业设置研究
索取号:G649.28/1363
 
预约/预借
| 序号 | 登录号 | 条形码 | 馆藏地/架位号 | 状态 | 备注 |
| 1 | 1227793 | 212277935 | 第一样本阅览室/ [索取号:G649.28/1363] | 在馆 | |
| 2 | 1227794 | 212277944 | 教育系资料室/ [索取号:G649.28/1363] | 在馆 | |
| 3 | 1227795 | 212277953 | 教育系资料室/ [索取号:G649.28/1363] | 在馆 | |
| 4 | 1227796 | 212277962 | 第四借阅区/ [索取号:G649.28/1363] | 在馆 |